Der rationale Verbrecher: der ökonomische Ansatz zur Erklärung kriminellen Verhaltens
| Autor principal: | |
|---|---|
| Tipo de documento: | Print Libro |
| Lenguaje: | Alemán |
| Publicado: |
Berlin
Duncker & Humblot
1993
|
| En: |
Schriften zum Strafrecht (96)
Año: 1993 |
| Acceso en línea: |
Índice |
| Disponibilidad en Tübingen: | Disponible en Tübingen. IFK: A II 452 |
| Verificar disponibilidad: | HBZ Gateway |
| Servicio de pedido Subito: | Pedir ahora. |
| Palabras clave: |
MARC
| LEADER | 00000cam a2200000 c 4500 | ||
|---|---|---|---|
| 001 | 272093491 | ||
| 003 | DE-627 | ||
| 005 | 20260206203629.0 | ||
| 007 | tu | ||
| 008 | 930924s1993 gw ||||| m 00| ||ger c | ||
| 015 | |a 93,N31,0336 |2 dnb | ||
| 015 | |a 93,N31,0336 |2 dnb | ||
| 016 | 7 | |a 931207274 |2 DE-101 | |
| 020 | |a 3428078403 |9 3-428-07840-3 | ||
| 035 | |a (DE-627)272093491 | ||
| 035 | |a (DE-603)025645757 | ||
| 035 | |a (DE-576)035261285 | ||
| 035 | |a (DE-599)GBV272093491 | ||
| 035 | |a (OCoLC)231547179 | ||
| 035 | |a (OCoLC)48129276 | ||
| 040 | |a DE-627 |b ger |c DE-627 |e rakwb | ||
| 041 | |a ger | ||
| 044 | |c XA-DE | ||
| 084 | |a 19 |a 14 |2 sdnb | ||
| 084 | |a 19 |a 14 |a 17 |2 sdnb | ||
| 084 | |a PI 4130 |2 rvk |0 (DE-625)rvk/136626: | ||
| 084 | |a CW 8000 |2 rvk |0 (DE-625)rvk/19207: | ||
| 084 | |a PH 8400 |2 rvk |0 (DE-625)rvk/136499: | ||
| 084 | |a PH 8240 |2 rvk |0 (DE-625)rvk/136495: | ||
| 084 | |a PH 8300 |2 rvk |0 (DE-625)rvk/136497: | ||
| 084 | |a 71.65 |2 bkl | ||
| 084 | |a 86.03 |2 bkl | ||
| 084 | |a 86.41 |2 bkl | ||
| 100 | 1 | |a Wittig, Petra |d 1962- |0 (DE-588)101379138X |0 (DE-627)705099776 |0 (DE-576)171086104 |4 aut | |
| 109 | |a Wittig, Petra 1962- | ||
| 245 | 1 | 4 | |a Der rationale Verbrecher |b der ökonomische Ansatz zur Erklärung kriminellen Verhaltens |c von Petra Wittig |
| 264 | 1 | |a Berlin |b Duncker & Humblot |c 1993 | |
| 300 | |a 192 S. |b graph. Darst. | ||
| 336 | |a Text |b txt |2 rdacontent | ||
| 337 | |a ohne Hilfsmittel zu benutzen |b n |2 rdamedia | ||
| 338 | |a Band |b nc |2 rdacarrier | ||
| 490 | 1 | |a Schriften zum Strafrecht |v 96 | |
| 502 | |a Zugl.: Passau, Univ., Diss., 1992 | ||
| 505 | 8 | |a Literaturverz. S. 182 - 192 | |
| 650 | 7 | |8 1.1\x |a Straftäter |0 (DE-627)091392861 |0 (DE-2867)19763-2 |2 stw | |
| 650 | 7 | |8 1.2\x |a Rationalität |0 (DE-627)091385202 |0 (DE-2867)15860-3 |2 stw | |
| 650 | 7 | |8 1.3\x |a Kriminalität |0 (DE-627)091372992 |0 (DE-2867)16195-0 |2 stw | |
| 650 | 7 | |8 1.4\x |a Verhaltensökonomik |0 (DE-627)091397391 |0 (DE-2867)15861-1 |2 stw | |
| 650 | 7 | |8 1.5\x |a Sozialpsychologie |0 (DE-627)091390486 |0 (DE-2867)15811-2 |2 stw | |
| 650 | 7 | |8 1.6\x |a Theorie |0 (DE-627)091394902 |0 (DE-2867)19073-6 |2 stw | |
| 655 | 4 | |0 (DE-206)3 |a Bibliographie enthalten |5 DE-206 | |
| 655 | 7 | |a Hochschulschrift |0 (DE-588)4113937-9 |0 (DE-627)105825778 |0 (DE-576)209480580 |2 gnd-content | |
| 689 | 0 | 0 | |d s |0 (DE-588)4165737-8 |0 (DE-627)105437956 |0 (DE-576)209897422 |a Kriminalitätstheorie |2 gnd |
| 689 | 0 | 1 | |d s |0 (DE-588)4274923-2 |0 (DE-627)104453109 |0 (DE-576)210710713 |a Rational Choice |2 gnd |
| 689 | 0 | |5 DE-101 | |
| 689 | 1 | 0 | |d s |0 (DE-588)4165737-8 |0 (DE-627)105437956 |0 (DE-576)209897422 |a Kriminalitätstheorie |2 gnd |
| 689 | 1 | 1 | |d s |0 (DE-588)4274923-2 |0 (DE-627)104453109 |0 (DE-576)210710713 |a Rational Choice |2 gnd |
| 689 | 1 | |5 (DE-627) | |
| 751 | |a Passau |0 (DE-588)4044828-9 |0 (DE-627)106204114 |0 (DE-576)209062509 |4 uvp | ||
| 830 | 0 | |a Schriften zum Strafrecht |v 96 |9 96 |w (DE-627)130441406 |w (DE-576)015953181 |w (DE-600)704008-8 |x 0558-9126 |7 am | |
| 856 | 4 | 2 | |u http://www.gbv.de/dms/spk/sbb/toc/272093491.pdf |m V:DE-601 |m B:DE-1 |q pdf/application |x Verlag |y Inhaltsverzeichnis |3 Inhaltsverzeichnis |7 1 |
| 889 | |w (DE-627)126750335 | ||
| 889 | |w (DE-627)256974942 | ||
| 935 | |i mdedup | ||
| 935 | |i Blocktest | ||
| 935 | |h HEB |i 0501 | ||
| 935 | |h HEB |i 0503 | ||
| 936 | r | v | |a PI 4130 |b Beziehung des Rechts zu anderen Wissenschaften (nicht zur Soziologie), Ökonomische Theorie des Rechts |k Rechtswissenschaft |k Allgemeine Rechtslehre und Rechtstheorie, Rechts- und Staatsphilosophie, Rechtssoziologie |k Recht als Kulturerscheinung |k Beziehung des Rechts zu anderen Wissenschaften (nicht zur Soziologie), Ökonomische Theorie des Rechts |0 (DE-627)1271266393 |0 (DE-625)rvk/136626: |0 (DE-576)201266393 |
| 936 | r | v | |a CW 8000 |b Forensische Psychologie |k Psychologie |k Angewandte Psychologie |k Andere Gebiete der angewandten Psychologie |k Forensische Psychologie |0 (DE-627)1271504383 |0 (DE-625)rvk/19207: |0 (DE-576)201504383 |
| 936 | r | v | |a PH 8400 |b Persönlichkeitsforschung; Biografische Methode; Prognose; Rückfall; Kriminelle Karriere; Einzelne Tätertypen: Berufsverbrecher, Gewohnheitsverbrecher usw. |k Rechtswissenschaft |k Strafrecht, Strafverfahrensrecht, Kriminologie |k Kriminologie |k Der Täter; Persönlichkeit und soziales Umfeld |k Persönlichkeitsforschung; Biografische Methode; Prognose; Rückfall; Kriminelle Karriere; Einzelne Tätertypen: Berufsverbrecher, Gewohnheitsverbrecher usw. |0 (DE-627)127179389X |0 (DE-625)rvk/136499: |0 (DE-576)20179389X |
| 936 | r | v | |a PH 8240 |b Kriminalpolitik, Kriminalisierung und Entkriminalisierung; Kriminalität / Prävention; Meinung und Einstellung der Bevölkerung zur Kriminalität und Verbrechenskontrolle; Kriminalitätsfurcht; Ökonomik von Kriminalität |k Rechtswissenschaft |k Strafrecht, Strafverfahrensrecht, Kriminologie |k Kriminologie |k Kriminalität und Kriminalpolitik |k Kriminalpolitik, Kriminalisierung und Entkriminalisierung; Kriminalität / Prävention; Meinung und Einstellung der Bevölkerung zur Kriminalität und Verbrechenskontrolle; Kriminalitätsfurcht; Ökonomik von Kriminalität |0 (DE-627)1271677105 |0 (DE-625)rvk/136495: |0 (DE-576)201677105 |
| 936 | r | v | |a PH 8300 |b Kriminalbiologie; Kriminalanthropologie; Kriminalethologie; Kriminalpsychologie; Kriminalsoziologie, Abweichendes Verhalten/Soziologie; Labeling approach; Radikale Kriminologie, Kritische Kriminologie |k Rechtswissenschaft |k Strafrecht, Strafverfahrensrecht, Kriminologie |k Kriminologie |k Kriminalitätstheorien |k Kriminalbiologie; Kriminalanthropologie; Kriminalethologie; Kriminalpsychologie; Kriminalsoziologie, Abweichendes Verhalten/Soziologie; Labeling approach; Radikale Kriminologie, Kritische Kriminologie |0 (DE-627)1271739763 |0 (DE-625)rvk/136497: |0 (DE-576)201739763 |
| 936 | b | k | |a 71.65 |j Kriminalität als soziales Problem |0 (DE-627)106412248 |
| 936 | b | k | |a 86.03 |j Rechtstheorie |j Rechtsmethodik |j Allgemeine Rechtslehre |0 (DE-627)10642095X |
| 936 | b | k | |a 86.41 |j Kriminologie |0 (DE-627)181572001 |
| 936 | s | n | |a c200 |2 mzub |
| 936 | s | n | |a p100 |2 mzub |
| 936 | s | n | |a m200 |2 mzub |
| 936 | s | n | |a q100 |2 mzub |
| 951 | |a BO | ||
| ELC | |b 1 | ||
| LOK | |0 000 xxxxxcx a22 zn 4500 | ||
| LOK | |0 001 3200661461 | ||
| LOK | |0 003 DE-627 | ||
| LOK | |0 004 272093491 | ||
| LOK | |0 005 20151116135511 | ||
| LOK | |0 008 150728||||||||||||||||ger||||||| | ||
| LOK | |0 035 |a (DE-21-110)kd23226 | ||
| LOK | |0 040 |a DE-21-110 |c DE-627 |d DE-21-110 | ||
| LOK | |0 689 |a s |a Ökonomische Kriminalitätstheorie | ||
| LOK | |0 852 |a DE-21-110 | ||
| LOK | |0 852 1 |c A II 452 |m p |9 00 | ||
| LOK | |0 935 |a k110 | ||
| LOK | |0 938 |k p | ||
| LOK | |0 939 |a 28-07-15 |b l01 | ||
| ORI | |a SA-MARC-krimdoka001.raw | ||
| SIG | |a IFK: A II 452 | ||
